1480 1503 1353 1698 1766 1025 1665 1494 1836 1565 1895 1081 1414 1554 1574 1541 1296 1864 1579 1416 1831 1950 1237 1352 1253 1314 1143 1383 1441 1157 1991 1069 1742 1936 1496 1664 1794 1822 1058 1103 1091 1459 1815 1793 1778 1271 1649 1054 1274 1710 1343 1096 1988 1168 1092 1357 1690 1419 1657 1760 1163 1203 1371 1201 1249 1415 1285 1729 1430 1319 1168 1707 1491 1362 1339 1583 1152 1313 1044 1169 1426 1885 1096 1985 1510 1048 1979 1536 1881 1618 1020 1722 1988 1697 1550 1325 1450 1687 1823 BCNSPRNW ULIB Ver.6.0+V

เปลี่ยนเป็นภาษาไทย

Change to English
 แสดงรายละเอียดบรรณานุกรม
  กลับหน้าหลัก

Brief Record : Get Marc (ISO 2709) : E-mail record : QR code < ปิดหน้าต่าง
LEADER : 00000nas 2200000uu 4500
001    13399122942
003     ULIB
008    131106s||||||||th 000 0 tha d
022 0  1906-6813
110 1  วิทยาลัยพยาบาลบรมราชชนนี สุรินทร์
245 00 ราชาวดีสาร^cวิทยาลัยพยาบาลบรมราชชนนี สุรินทร์
246 0  Journal of borommrajonani college og nursing, Surin
310    ^aราย 6 เดือน
850 ^a ULIB^bฉบับที่ 2 ปีที่ 1 ;ฉบับที่ 2 ปีที่ 2 ;ฉบับที่ 1 ปีที่ 2 ;ฉบับที่ 2 ปีที่ 3 ฉ.1 ;ฉบับที่ 4 ปีที่ 1 ฉ.1 ;ฉบับที่ 4 ปีที่ 2 ฉ.1
945    ^p0^l0^i901744
945    ^p0^l0^i902056
945    ^p0^l0^i902197
945    ^p0^l0^i902854
945    ^p0^l0^i903569
945    ^p0^l0^i903570
999    ^aเกษร โพธิ์สุวรรณ
รายการนี้ยังไม่มีแท็ก
คุณยังไม่ได้ล็อกอิน คุณสามารถมีกิจกรรมร่วมกับเว็บไซต์ได้ แต่ต้องล็อกอินก่อน ::
  ล็อกอิน

รายการสื่อสารสนเทศ (วารสาร)

ดูแบบ: กล่อง รายการ
ARRIVED
ฉบับที่ 2 ปีที่ 1
สถานที่: ห้องสมุดวิทยาเขตสวรรค์ประชารักษ์ >วารสาร
ARRIVED
ฉบับที่ 1 ปีที่ 2
สถานที่: ห้องสมุดวิทยาเขตสวรรค์ประชารักษ์ >วารสาร
ARRIVED
ฉบับที่ 2 ปีที่ 2
สถานที่: ห้องสมุดวิทยาเขตสวรรค์ประชารักษ์ >วารสาร
ARRIVED
ฉบับที่ 2 ปีที่ 3 ฉ.1
สถานที่: ห้องสมุดวิทยาเขตสวรรค์ประชารักษ์ >หนังสือพิมพ์
ARRIVED
ฉบับที่ 4 ปีที่ 1 ฉ.1
สถานที่: ห้องสมุดวิทยาเขตสวรรค์ประชารักษ์ >หนังสือพิมพ์
ARRIVED
ฉบับที่ 4 ปีที่ 2 ฉ.1
สถานที่: ห้องสมุดวิทยาเขตสวรรค์ประชารักษ์ >หนังสือพิมพ์

BibComment


ยังไม่เคยถูกคอมเมนท์

คอมเมนท์ทรัพยากรรายการนี้
  คอมเมนท์: ราชาวดีสาร วิทยาล..


 Copyright 2026. Bcnsprnw @Library